| Tag |
First Indicator |
Second Indicator |
Subfields |
| LEADER |
00000cam a2200000 a 4500 |
| 001 |
in00000906521 |
| 005 |
20150923181847.0 |
| 007 |
hd afv---baca |
| 007 |
hz bfv---baaa |
| 008 |
830614s1694 miu a 00010 eng d |
| 035 |
|
|
|a (OCoLC)09606329
|
| 035 |
|
|
|9 AEM4481AM
|
| 037 |
|
|
|a CL0037000045
|b University Microfilms International
|
| 037 |
|
|
|b University Microfilms International, 300 N. Zeeb Rd., Ann Arbor, MI 48106
|
| 040 |
|
|
|a UMI
|c UMI
|d m/c
|d UtOrBLW
|
| 049 |
|
|
|a TXAI
|
| 090 |
|
|
|a PR3671.S6
|b I27 1694
|
| 099 |
|
|
|a film
|a B
|a 3609
|
| 100 |
1 |
|
|a Settle, Elkanah,
|d 1648-1724.
|
| 245 |
1 |
0 |
|a Ibrahim the illustrious Bassa :
|b a tragedy acted by Their Majesties servants /
|c written by Elkanah Settle.
|
| 264 |
|
3 |
|a London :
|b Printed for Tho. Chapman,
|c 1694.
|
| 300 |
|
|
|a 5 unnumbered pages, 62 pages
|
| 336 |
|
|
|a text
|b txt
|2 rdacontent
|
| 337 |
|
|
|a microform
|b h
|2 rdamedia
|
| 338 |
|
|
|a microfilm reel
|b hd
|2 rdacarrier
|
| 500 |
|
|
|a "Licensed May the 4th 1676. Roger L'Estrange."
|
| 500 |
|
|
|a Adapted from Scudéry's Ibrahim, ou, L'illustre Bassa--NUC pre-1956 imprints.
|
| 500 |
|
|
|a Reproduction of original in the Harvard University Library.
|
| 510 |
4 |
|
|a Wing
|c S2695.
|
| 533 |
|
|
|a Microfilm.
|b Ann Arbor, Mich. :
|c University Microfilms International,
|d 1982.
|e 1 microfilm reel ; 35 mm.
|f (Early English books, 1641-1700 ; 1339:46)
|
| 500 |
|
|
|a Microform.
|
| 700 |
1 |
|
|a Scudéry, Madeleine de,
|d 1607-1701.
|t Ibrahim, ou, L'illustre Bassa.
|
| 830 |
|
0 |
|a Early English books, 1641-1700 ;
|v 1339:46.
|
| 999 |
|
|
|a MARS
|
| 999 |
f |
f |
|s 36cfdbe5-5ae6-3650-aa70-a9f319519525
|i 2679c169-e714-3f7f-b12e-481ee2f5c2c7
|t 0
|
| 952 |
f |
f |
|p default
|a Texas A&M University
|b College Station
|c Sterling C. Evans Library
|d Evans: Microforms (3rd floor)
|t 0
|e film B 3609 1339:46
|h Other scheme
|i microform -- microfilm reel
|
| 998 |
f |
f |
|a film B 3609 1339:46
|t 0
|l Evans: Microforms (3rd floor)
|